000 00714nam a2200241Ia 4500
003 OSt
005 20220923220719.0
006 a|||||r|||| 00| 0
007 ta
008 220922b |||||||| |||| 00| 0 hin d
024 _a189,532
037 _cTextual
040 _aARTS
_cARTS
_bhin
041 _2hin
_ahin
082 _aO152,2N273x, L8
100 _aभटनागर, कणादऋषि
_9156271
245 0 _aमाया
246 _aMāyā
260 _aदिल्ली
_b सम्मार्ग प्रकाशन
_c1978
300 _a141पृ.
_ccm.
942 _hO152,2N273x, L8
_cTEXL
_2CC
999 _c342375
_d342375